|
|
|
|
| LEADER |
00000nam0a2200000 4500 |
| 001 |
15878 |
| 005 |
20231030190345.0 |
| 035 |
|
|
|a (RuTPU)RU\TPU\book\15995
|
| 035 |
|
|
|a BOOK00000683
|
| 090 |
|
|
|a 15878
|
| 100 |
|
|
|a 20011209d1968 km y0rusy50 ca
|
| 101 |
0 |
|
|a rus
|
| 102 |
|
|
|a RU
|
| 105 |
|
|
|a a z 000zy
|
| 200 |
1 |
|
|a Сибирь в период строительства социализма
|f И. М. Разгон, В. С. Познанский, Д. М. Зольников
|
| 210 |
|
|
|d 1968
|
| 215 |
|
|
|a 501 с.
|c ил.
|
| 461 |
|
|
|t История Сибири с древнейших времен до наших дней
|o в 5 т.
|v Т. 4
|f АН СССР, Ин-т истории, филологии и философии; гл. ред. В. И. Шунков, А. П. Окладников
|d 1968-1969
|
| 610 |
1 |
|
|a история
|
| 610 |
1 |
|
|a Сибирь
|
| 610 |
1 |
|
|a 20 век
|
| 610 |
1 |
|
|a Великая октябрьская социалистическая революция
|
| 610 |
1 |
|
|a народы Сибири, коренные
|
| 610 |
1 |
|
|a экономика
|
| 610 |
1 |
|
|a культура
|
| 610 |
1 |
|
|a социализм
|
| 686 |
|
|
|a Т3(253)
|v LBC/SL-A
|2 rubbk
|
| 701 |
|
1 |
|a Разгон
|b И. М.
|
| 701 |
|
1 |
|a Познанский
|b В. С.
|
| 701 |
|
1 |
|a Зольников
|b Д. М.
|g Дмитрий Маркович
|
| 801 |
|
0 |
|a RU
|b 63413507
|c 20011209
|g PSBO
|
| 801 |
|
2 |
|a RU
|b 63413507
|c 20120531
|g PSBO
|
| 942 |
|
|
|c BK
|